=LDR 00000nam 2200000 4500 =001 INLIS000000001052288 =005 20240822074041 =035 ##$$a 0010-0824000106 =007 ta =008 240822###########################0###### =020 ##$$a 978-89-6329-597-8 =082 ##$$a 028.55 =084 ##$$a 028.55 JEO k =100 #$$a Jeong Mi-geum =245 1#$$a Kereta bayi beruang /$c Jeong Mi-geum; ilustrator, Lee Mi-young =260 ##$$a Gyeonggi-do :$b Korea Tolstoi,$c 2008 =300 ##$$a 31 hlm. : $b ilus. ; $c 26 cm =650 #4$$a Bacaan kanak-kanak =700 #$$a Lee Mi-young (ilustrator) =990 ##$$a 3202401669 =990 ##$$a 3202401669